Beh na lyžiach /

Enregistré dans:
Détails bibliographiques
Auteur principal: Martiš, Fedor (Auteur)
Format: Livre
Langue:slovaque
Publié: Bratislava : Šport, 1984
Collection:Edícia: Ako začať
Tags: Ajouter un tag
Pas de tags, Soyez le premier à ajouter un tag!

MARC

LEADER 00000nam a22000003a 4500
001 stu17223
005 20150617225700.3
008 910402s1984----cs------------------slo-d
040 |a STU  |b slo 
041 0 |a slo 
044 |a cs 
080 |a 796.9 
100 1 |a Martiš, Fedor  |4 aut 
245 1 |a Beh na lyžiach /  |c [aut.]Martiš,Fedor 
260 |a Bratislava :  |b Šport,  |c 1984 
300 |a 101 s :  |b Obrázky 
830 0 |a Edícia: Ako začať 
996 |b C87825  |c C*87825  |l CCXXI  |s P  |a 0  |w stu17223_0001 
996 |b C87826  |c C*87826  |l CCXXI  |s P  |a 0  |w stu17223_0002